[Event "Challenge"]
[Site "http://www.queenalice.com/game.php?id=720471"]
[Date "2010.1.26"]
[Round "-"]
[White "silva1995"]
[Black "quifaiquoi"]
[Result "1-0"]
[WhiteElo "2078"]
[BlackElo "2188"]

1. e4 c5 2. Nf3 Nc6 3. d4 cxd4 4. Nxd4 Qb6 5. Nb5 a6 6. Be3 Qa5+ 7. N5c3 Nf6 8.
Nd2 g6 9. Nc4 Qd8 10. Bb6 d5 11. Nxd5 Bg4 12. f3 1-0

[Event "The big game 1"]
[Site "http://www.queenalice.com/game.php?id=745898"]
[Date "2010.3.14"]
[Round "-"]
[White "Alligator427"]
[Black "quifaiquoi"]
[Result "0-1"]
[WhiteElo "2264"]
[BlackElo "2217"]

1. Nf3 c5 2. e4 g6 3. d4 cxd4 4. Nxd4 Bg7 5. c4 d6 6. Nc3 Nd7 7. Be3 Ngf6 8. Rc1
Nc5 9. Qc2 O-O 10. Be2 Bd7 11. O-O Rc8 12. f3 Nh5 13. Rfd1 Ne6 14. Nxe6 Bxe6 15.
g4 Nf6 16. e5 Ne8 17. exd6 exd6 18. b3 Qa5 19. Bd4 Bh6 20. Ra1 d5 21. cxd5 Bd7
22. Qb2 Nd6 23. Be5 Qb6+ 24. Kg2 Rfe8 25. Bxd6 Rxc3 26. Bg3 Bg7 27. Qd2 Rce3 28.
Bd3 Bb5 29. Re1 Rxd3 30. Qxd3 Rxe1 0-1

[Event "The big game 2"]
[Site "http://www.queenalice.com/game.php?id=745899"]
[Date "2010.3.14"]
[Round "-"]
[White "quifaiquoi"]
[Black "Alligator427"]
[Result "1-0"]
[WhiteElo "2203"]
[BlackElo "2278"]

1. c4 Nf6 2. Nc3 d5 3. cxd5 Nxd5 4. g3 g6 5. Bg2 Nb6 6. Nf3 Bg7 7. O-O O-O 8. d3
c6 9. Bg5 h6 10. Bd2 N8d7 11. Qc1 Kh7 12. Ne4 Qc7 13. Bc3 Nd5 14. Bxg7 Kxg7 15.
Nd4 N7f6 16. Nc3 Qb6 17. Nb3 Bd7 18. Na4 Qc7 19. e4 Nb4 20. Qc3 Na6 21. Nac5
Nxc5 22. Nxc5 Kh7 23. Nxd7 Qxd7 24. f4 Rfd8 25. Rad1 Qd4+ 26. Qxd4 Rxd4 27. Bf3
Rad8 28. Be2 Rb4 29. b3 Ne8 30. Rc1 Nc7 31. Rc4 Rd4 32. Kf2 Rbxc4 33. bxc4 c5
34. Rb1 b6 35. Rb3 Kg7 36. a4 Na6 37. Ke3 Nb4 38. Rxb4 Rd6 39. Rb2 1-0

[Event "Challenge"]
[Site "http://www.queenalice.com/game.php?id=751035"]
[Date "2010.3.24"]
[Round "-"]
[White "quifaiquoi"]
[Black "igorzz"]
[Result "0-1"]
[WhiteElo "2238"]
[BlackElo "2360"]

1. c4 c5 2. Nc3 Nc6 3. g3 g6 4. Bg2 Bg7 5. Nf3 Nf6 6. O-O O-O 7. d3 d6 8. Bd2
Bg4 9. Qc1 e5 10. Bg5 Nd4 11. Re1 Qd7 12. Nd2 Ne8 13. Nf1 f6 14. Bd2 Nc7 15. Ne3
Bh3 16. Bh1 f5 17. Ned5 f4 18. Nxc7 Qxc7 19. gxf4 Qd7 20. Bd5+ Kh8 21. Kh1 Rae8
22. e3 Nc6 23. Ne2 Ne7 24. Be4 Nf5 25. Rg1 Nh4 26. Rg3 Bg4 27. f3 Be6 28. Bc3 b5
29. b3 Rd8 30. Qc2 b4 31. Bb2 a5 32. Rd1 Kg8 33. Qc1 a4 34. fxe5 a3 35. Ba1 dxe5
36. d4 cxd4 37. exd4 Nf5 38. Rgg1 exd4 39. Rd3 Qe7 40. Nf4 Bh6 41. Nxg6 hxg6 42.
Rxg6+ Bg7 43. Qg1 Kh8 44. Qg4 Rf6 45. Qh5+ Kg8 46. Rg1 Rh6 47. Qg5 Qxg5 48. Rxg5
Rf6 49. Rd2 Kf8 50. Rdg2 Rf7 51. Rg6 Bf6 52. Rg8+ Ke7 53. Rxd8 Kxd8 54. Rg8+ Kc7
55. Rg6 Kd6 56. Kg1 Rg7 57. Rxg7 Bxg7 58. Kf2 Be5 59. h3 Kc5 60. Ke1 Ng3 61. h4
Nxe4 62. fxe4 Bh3 63. Kd2 Bf4+ 64. Ke2 Bg2 65. Kd3 Bf1+ 0-1

[Event "Challenge"]
[Site "http://www.queenalice.com/game.php?id=767310"]
[Date "2010.4.27"]
[Round "-"]
[White "quifaiquoi"]
[Black "bacana"]
[Result "1-0"]
[WhiteElo "2230"]
[BlackElo "2110"]

1. c4 c5 2. Nc3 Nc6 3. g3 g6 4. Bg2 Bg7 5. Nf3 Nf6 6. O-O O-O 7. d3 d6 8. Bd2 a6
9. Qc1 Re8 10. Bh6 Bh8 11. Ng5 Nd4 12. Nge4 Nxe4 13. Bxe4 Bh3 14. Re1 Rb8 15.
Rb1 b5 16. cxb5 axb5 17. e3 Ne6 18. Bc6 b4 19. Nd5 Nc7 20. Nxc7 Qxc7 21. Bxe8
Rxe8 22. d4 Qb7 23. e4 Bxd4 24. Qf4 Be6 25. b3 Ra8 26. Re2 Qb5 27. Rc2 Qd3 28.
Rbc1 Bd7 29. Rd2 Qb5 30. Qg5 Bf6 31. Qf4 Bc6 32. Rcc2 Qb7 33. f3 Qb6 34. Rxd6
Bd4+ 35. Rxd4 cxd4 36. Qe5 d3+ 37. Kg2 f6 38. Qe6+ Kh8 39. Qxe7 Qb7 40. Qxf6+
Kg8 41. Qe6+ Kh8 42. Qxc6 Qxc6 43. Rxc6 Rxa2+ 44. Kh3 Kg8 45. Rf6 1-0

[Event "Challenge"]
[Site "http://www.queenalice.com/game.php?id=767311"]
[Date "2010.4.27"]
[Round "-"]
[White "bacana"]
[Black "quifaiquoi"]
[Result "0-1"]
[WhiteElo "2130"]
[BlackElo "2193"]

1. d4 d5 2. c4 c6 3. Nc3 Nf6 4. Nf3 g6 5. e3 Bg7 6. Bd3 O-O 7. O-O Nbd7 8. e4
dxe4 9. Nxe4 Nxe4 10. Bxe4 Nb6 11. b3 Bg4 12. Be3 f5 13. Bc2 Bxf3 14. gxf3 f4
15. Bd2 Bxd4 16. Rb1 e5 17. Bb4 c5 18. Ba3 Qh4 19. Be4 Rad8 20. Qc2 Rd7 21. Bb2
Rg7 22. Bxd4 Rf5 23. Bxf5 gxf5+ 24. Kh1 Qh3 0-1

[Event "Tu veux t'battre ?"]
[Site "http://www.queenalice.com/game.php?id=842519"]
[Date "2010.10.6"]
[Round "-"]
[White "Alligator427"]
[Black "quifaiquoi"]
[Result "1-0"]
[WhiteElo "2206"]
[BlackElo "2230"]

1. b4 e5 2. Bb2 d6 3. g3 Nc6 4. b5 Nce7 5. Bg2 Nf6 6. Nf3 Ng6 7. O-O Be7 8. d3
O-O 9. a4 Rb8 10. c4 Nd7 11. Nc3 Re8 12. Qc2 Nc5 13. Nd5 Bf5 14. Nxe7+ Qxe7 15.
Qc3 f6 16. a5 e4 17. Nd4 Bd7 18. Ba3 exd3 19. exd3 Ne5 20. Rad1 Bg4 21. f3 Bh5
22. Nf5 Qd7 23. g4 Nxg4 24. fxg4 Bxg4 25. Bxc5 dxc5 26. Bd5+ Kh8 27. Nh6 Bh5 28.
Rd2 Re5 29. Rg2 c6 30. Nf7+ Bxf7 31. Bxf7 Re3 32. Rxg7 Qe7 33. Rxf6 Rxd3 34.
Rg8+ Rxg8+ 35. Rg6+ 1-0

[Event "T'war ta gueule à la récré !"]
[Site "http://www.queenalice.com/game.php?id=842520"]
[Date "2010.10.6"]
[Round "-"]
[White "quifaiquoi"]
[Black "Alligator427"]
[Result "1-0"]
[WhiteElo "2217"]
[BlackElo "2253"]

1. c4 e6 2. Nc3 Nf6 3. g3 d5 4. cxd5 exd5 5. d4 Be7 6. Bg2 O-O 7. Nf3 c6 8. O-O
Bf5 9. Qb3 Qb6 10. Qd1 Nbd7 11. Na4 Qa6 12. Re1 h6 13. Bf1 b5 14. Nc3 Qb6 15.
Bf4 Ne4 16. Rc1 Bb4 17. Bd2 Ndf6 18. Nxe4 dxe4 19. Bxb4 exf3 20. Bxf8 fxe2 21.
Bxe2 Rxf8 22. Bf3 Nd5 23. Bg4 Bg6 24. a3 Rd8 25. Rc5 b4 26. Qa4 Rd6 27. Bf3 a5
28. Re8+ Kh7 29. Rxa5 Qxd4 30. Raa8 Bf5 31. Rh8+ Kg6 32. Qb3 Bh3 33. Qc2+ Bf5
34. Bh5+ Kf6 35. Qc1 Bh3 36. Rhf8 g6 37. Qxh6 Qd3 38. Rxf7+ Ke5 39. Re8+ Kd4 40.
Re1 Re6 41. Qg7+ Kc4 42. Rc1+ Kb5 43. Rb7+ Nb6 44. a4+ Kxa4 45. Rxb6 gxh5 46.
Qa7+ Kb3 47. Qa3# 1-0

[Event "Le carnage"]
[Site "http://www.queenalice.com/game.php?id=918362"]
[Date "2011.3.28"]
[Round "-"]
[White "Alligator427"]
[Black "quifaiquoi"]
[Result "0-1"]
[WhiteElo "2270"]
[BlackElo "2233"]

1. d4 d5 2. c4 c6 3. Nf3 Nf6 4. Nc3 g6 5. Bg5 Bg7 6. e3 O-O 7. Bd3 Nbd7 8. O-O
Re8 9. Rc1 Nf8 10. Ne5 Ne6 11. Bh4 Nc7 12. Qc2 dxc4 13. Bxc4 Be6 14. Bxe6 Nxe6
15. Rfd1 Qa5 16. Qa4 Qxa4 17. Nxa4 g5 18. Bg3 Ne4 19. Nd7 Nxg3 20. hxg3 Red8 21.
Ndc5 Nxc5 22. Nxc5 Rab8 23. f4 g4 24. Rc3 e5 25. fxe5 Bxe5 26. Kf2 Kg7 27. Rh1
Bd6 28. Rh4 h5 29. Rxh5 Kg6 30. Rh4 f5 31. Nd3 Rh8 32. Rc1 Rbe8 33. Rch1 Bxg3+
0-1

[Event "La boucherie"]
[Site "http://www.queenalice.com/game.php?id=918363"]
[Date "2011.3.28"]
[Round "-"]
[White "quifaiquoi"]
[Black "Alligator427"]
[Result "1-0"]
[WhiteElo "2246"]
[BlackElo "2252"]

1. c4 Nf6 2. Nc3 g6 3. Nf3 Bg7 4. g3 O-O 5. Bg2 d5 6. cxd5 Nxd5 7. O-O c5 8. Qb3
Nb6 9. d3 Nc6 10. Ne4 Be6 11. Qd1 c4 12. Nc5 Qc8 13. Ng5 Bf5 14. e4 Bg4 15. f3
Bd4+ 16. Kh1 Bxc5 17. fxg4 cxd3 18. Qxd3 Qd7 19. Qb3 Nd4 20. Qc3 Rac8 21. b3 e5
22. Nf3 Qe6 23. Bh6 Nxf3 24. Qxf3 Rfd8 25. Rac1 Be7 26. Be3 Rd3 27. Qf2 Rcc3 28.
Rxc3 Rxc3 29. g5 Nc8 30. Bh3 Qc6 31. Qxf7+ Kh8 32. Be6 Qxe4+ 33. Rf3 1-0

[Event "coco bel oeil"]
[Site "http://www.queenalice.com/game.php?id=966611"]
[Date "2011.7.30"]
[Round "-"]
[White "Canaye"]
[Black "quifaiquoi"]
[Result "0-1"]
[WhiteElo "1917"]
[BlackElo "2230"]

1. d4 d5 2. c4 c6 3. cxd5 cxd5 4. Nc3 Nf6 5. Bf4 e6 6. h3 Be7 7. e3 O-O 8. Bd3
Nc6 9. Nf3 Bd7 10. a3 a6 11. Qc2 Rc8 12. Ng5 g6 13. h4 Nh5 14. g4 Nxd4 15. exd4
Nxf4 16. Nf3 Ng2+ 17. Ke2 Nxh4 18. Ne5 Bf6 19. Qd2 Kg7 20. Nf3 h6 21. Rag1 Rh8
22. g5 Bxg5 23. Nxg5 hxg5 24. Rxg5 Qf6 25. Rh3 Nf5 26. Bxf5 exf5 27. Nxd5 Qe6+
0-1

[Event "coco bel oeil 2"]
[Site "http://www.queenalice.com/game.php?id=966612"]
[Date "2011.7.30"]
[Round "-"]
[White "quifaiquoi"]
[Black "Canaye"]
[Result "1-0"]
[WhiteElo "2258"]
[BlackElo "1904"]

1. c4 e6 2. Nf3 d5 3. cxd5 exd5 4. g3 Nf6 5. Bg2 c5 6. O-O Nc6 7. d3 Be7 8. b3
O-O 9. Bb2 d4 10. Nbd2 Re8 11. Rc1 Rb8 12. Ng5 Ne5 13. Qc2 h6 14. Nge4 b6 15.
Nxf6+ Bxf6 16. Ne4 Be7 17. Ba3 Ng4 18. Qb2 Nf6 19. Nd2 Nd5 20. Ne4 f5 21. Nd2
Nc3 22. Nb1 Bf6 23. Nxc3 dxc3 24. Qc2 Bb7 25. Bxb7 Rxb7 26. e3 Rbe7 27. d4 Re4
28. dxc5 b5 29. b4 Qc7 30. Rb1 h5 31. Qe2 h4 32. Bc1 hxg3 33. hxg3 f4 34. f3
Rxe3 35. Bxe3 Rxe3 36. Qxb5 Kh7 37. Kg2 fxg3 38. Rh1+ Kg6 39. c6 Bd4 40. Rbe1
Rxe1 41. Rxe1 Qf4 42. Qd3+ Kf7 43. c7 1-0

[Event "Challenge"]
[Site "http://www.queenalice.com/game.php?id=980755"]
[Date "2011.9.3"]
[Round "-"]
[White "quifaiquoi"]
[Black "Canaye"]
[Result "1-0"]
[WhiteElo "2259"]
[BlackElo "1902"]

1. c4 e6 2. Nc3 d5 3. cxd5 exd5 4. d4 Bb4 5. Nf3 Nf6 6. Ne5 Bxc3+ 7. bxc3 O-O 8.
e3 Bf5 9. Be2 Nbd7 10. Nf3 Ne4 11. Qb3 Nb6 12. O-O c6 13. Ba3 Re8 14. Rac1 h6
15. Rfd1 g5 16. Bb2 Qd6 17. a4 Qg6 18. a5 Nd7 19. c4 b6 20. cxd5 bxa5 21. dxc6
Rab8 22. cxd7 Red8 23. Qa2 Rxd7 24. Ne5 1-0

[Event "Challenge"]
[Site "http://www.queenalice.com/game.php?id=980756"]
[Date "2011.9.3"]
[Round "-"]
[White "Canaye"]
[Black "quifaiquoi"]
[Result "0-1"]
[WhiteElo "1900"]
[BlackElo "2260"]

1. d4 d5 2. e4 dxe4 3. Nc3 Nf6 4. f3 exf3 5. Nxf3 g6 6. Bc4 Bg7 7. O-O O-O 8.
Be3 Nc6 9. d5 Na5 10. Qe2 Nxc4 11. Qxc4 a6 12. Rad1 b5 13. Qh4 Bb7 14. Bd4 b4
15. Ne2 Nxd5 16. Ng5 h6 17. Bxg7 Kxg7 18. Qd4+ Kg8 19. Nf3 e6 20. Ne5 Qe7 21.
Rd3 c5 22. Qg4 Qg5 23. Qxg5 hxg5 24. Rh3 Ra7 25. Nd7 Rc8 26. Nf6+ Nxf6 27. Rxf6
Be4 28. c4 Bf5 29. Rg3 Kg7 30. Rxf5 exf5 31. Rxg5 Re8 32. Ng3 Re1+ 33. Kf2 Rb1
34. h4 Rxb2+ 35. Kf3 Kh6 0-1

[Event "Challenge"]
[Site "http://www.queenalice.com/game.php?id=982901"]
[Date "2011.9.8"]
[Round "-"]
[White "zegan13"]
[Black "quifaiquoi"]
[Result "0-1"]
[WhiteElo "1783"]
[BlackElo "2261"]

1. e4 d5 2. exd5 Qxd5 3. Nc3 Qa5 4. d4 c6 5. Nf3 Nf6 6. Ne5 Nbd7 7. Nc4 Qc7 8.
Qf3 g6 9. Bf4 Qd8 10. Qe3 e6 11. Nd6+ Bxd6 12. Bxd6 Qa5 13. O-O-O Nd5 14. Nxd5
Qxd5 15. Bf4 Qxa2 16. Qc3 Nf6 17. d5 Qa1+ 0-1

[Event "Challenge"]
[Site "http://www.queenalice.com/game.php?id=982902"]
[Date "2011.9.8"]
[Round "-"]
[White "quifaiquoi"]
[Black "zegan13"]
[Result "1-0"]
[WhiteElo "2252"]
[BlackElo "1787"]

1. c4 Nf6 2. Nc3 g6 3. g3 Bg7 4. Bg2 O-O 5. Nf3 d6 6. O-O e5 7. d3 Nh5 8. Bg5 f6
9. Bd2 c6 10. Qc1 f5 11. Bh6 f4 12. Bxg7 Nxg7 13. c5 Qe7 14. cxd6 Qxd6 15. Ne4
Qe7 16. Qc3 Nd7 17. Nfg5 Nf6 18. Nxf6+ 1-0

[Event "Mazette game"]
[Site "http://www.queenalice.com/game.php?id=982908"]
[Date "2011.9.8"]
[Round "-"]
[White "quifaiquoi"]
[Black "Alligator427"]
[Result "1/2-1/2"]
[WhiteElo "2263"]
[BlackElo "2217"]

1. c4 f5 2. Nc3 Nf6 3. b3 e5 4. Bb2 Bc5 5. e3 e4 6. d3 O-O 7. a3 exd3 8. Bxd3 d6
9. Nge2 Nc6 10. Qc2 Ne5 11. b4 Bb6 12. Na4 Nxd3+ 13. Qxd3 Bd7 14. Nxb6 axb6 15.
Qc3 Qe7 16. O-O 1/2-1/2

[Event "Challenge"]
[Site "http://www.queenalice.com/game.php?id=985194"]
[Date "2011.9.14"]
[Round "-"]
[White "quifaiquoi"]
[Black "Canaye"]
[Result "1/2-1/2"]
[WhiteElo "2262"]
[BlackElo "1936"]

1. c4 e6 2. Nc3 d5 3. e3 c5 4. cxd5 exd5 5. d4 Nc6 6. Nf3 Nf6 7. Be2 cxd4 8.
Nxd4 Nxd4 9. Qxd4 Be7 10. O-O O-O 11. Bf3 Be6 12. Rd1 Qa5 13. Bxd5 Bxd5 14. Nxd5
Nxd5 15. Qxd5 Rad8 16. Qf3 Rxd1+ 17. Qxd1 Rd8 18. Qe2 Bf6 19. a3 Qb6 20. Rb1 Qb3
21. h3 Rd1+ 22. Kh2 Be5+ 23. f4 Bf6 24. Ra1 Bh4 25. a4 Re1 26. Ra3 Qe6 27. Qc2
g5 28. Rc3 g4 29. hxg4 Qxg4 30. e4 Re2 31. Rc8+ Kg7 32. Qc3+ Bf6 33. Qg3 Qxg3+
34. Kxg3 Rxe4 35. a5 Rb4 1/2-1/2

[Event "Challenge"]
[Site "http://www.queenalice.com/game.php?id=985195"]
[Date "2011.9.14"]
[Round "-"]
[White "Canaye"]
[Black "quifaiquoi"]
[Result "0-1"]
[WhiteElo "1902"]
[BlackElo "2262"]

1. d4 d5 2. c4 c6 3. cxd5 cxd5 4. Nc3 Nf6 5. Nf3 Bf5 6. e3 e6 7. Nh4 Bg6 8. Nxg6
hxg6 9. Bb5+ Nc6 10. O-O g5 11. f4 Bd6 12. Bxc6+ bxc6 13. h3 gxf4 14. exf4 Nh5
15. f5 Ng3 16. fxe6 Nxf1 17. exf7+ Kxf7 18. Qxf1+ Qf6 19. Qd3 Rh5 20. Be3 Rf5
21. Qa6 Qe7 22. Qd3 Qf6 23. a3 Re8 24. h4 Bg3 25. Bg5 Rxg5 26. Rf1 Re1 27. Qf3
Rxf1+ 28. Qxf1 Bh2+ 0-1

[Event "Challenge"]
[Site "http://www.queenalice.com/game.php?id=1102095"]
[Date "2012.9.11"]
[Round "-"]
[White "quifaiquoi"]
[Black "Canaye"]
[Result "1-0"]
[WhiteElo "2253"]
[BlackElo "1861"]

1. c4 e6 2. Nc3 d5 3. e3 c5 4. Nf3 d4 5. exd4 cxd4 6. Ne2 Nc6 7. a3 Nf6 8. b4 a6
9. b5 axb5 10. cxb5 Na5 11. Nexd4 Bc5 12. Bb2 O-O 13. Be2 Re8 14. O-O e5 15. Nb3
Nxb3 16. Qxb3 Be6 17. Bc4 Nd5 18. Nxe5 Nb6 19. Bxe6 Rxe6 20. d4 Be7 21. Rfe1 Nd5
22. Rac1 Rf6 23. Ng4 Rf5 24. Qg3 Bh4 25. Qd3 Qg5 26. Re5 Rxe5 27. Nxe5 Nf4 28.
Qf3 Qf6 29. g3 Nh3+ 30. Kg2 Qxf3+ 31. Nxf3 Bg5 32. Rc2 1-0

[Event "Challenge"]
[Site "http://www.queenalice.com/game.php?id=1102096"]
[Date "2012.9.11"]
[Round "-"]
[White "Canaye"]
[Black "quifaiquoi"]
[Result "0-1"]
[WhiteElo "1861"]
[BlackElo "2254"]

1. d4 b6 2. c4 Bb7 3. Nc3 g6 4. e4 Bg7 5. Nf3 d6 6. Be3 Nd7 7. Bd3 e6 8. O-O Ne7
9. Re1 O-O 10. Qc2 Nc6 11. a3 Ne7 12. Rac1 Ba6 13. h4 e5 14. h5 gxh5 15. Bg5 f6
16. Be3 Ng6 17. b4 Re8 18. d5 Ndf8 19. b5 Bc8 20. Ne2 h4 21. Nh2 a6 22. f4 exf4
23. Nxf4 Nxf4 24. Bxf4 Ng6 25. Bd2 Ne5 26. Be2 Kh8 27. Nf3 h3 28. Nh4 Qd7 29.
Nf5 Rg8 30. g3 Qf7 31. Rf1 Bxf5 32. exf5 axb5 33. Qe4 Rxa3 34. Kh2 bxc4 35. Bxc4
Ra4 36. Qe2 Nxc4 37. Rxc4 Ra2 38. Qd3 Bh6 39. Rc2 Rxc2 40. Qxc2 Bxd2 41. Qxd2
Re8 42. Kxh3 Qh5+ 43. Kg2 Re2+ 0-1

[Event "Challenge"]
[Site "http://www.queenalice.com/game.php?id=1102097"]
[Date "2012.9.11"]
[Round "-"]
[White "quifaiquoi"]
[Black "favos"]
[Result "1-0"]
[WhiteElo "2260"]
[BlackElo "1953"]

1. c4 Nf6 2. Nc3 c5 3. Nf3 Nc6 4. g3 e5 5. d3 Be7 6. Bg2 O-O 7. O-O b6 8. Nxe5
Bb7 9. Nxc6 Bxc6 10. Nd5 Nxd5 11. cxd5 Bb7 12. d6 Bxg2 13. dxe7 Qxe7 14. Kxg2 f5
15. e3 d5 16. b3 d4 17. a4 Qb7+ 18. Qf3 Qxf3+ 19. Kxf3 g5 20. exd4 cxd4 21. Bxg5
Rac8 22. Rac1 1-0

[Event "Challenge"]
[Site "http://www.queenalice.com/game.php?id=1102099"]
[Date "2012.9.11"]
[Round "-"]
[White "quifaiquoi"]
[Black "franchouillard"]
[Result "1-0"]
[WhiteElo "2255"]
[BlackElo "2024"]

1. c4 e5 2. Nc3 Nc6 3. g3 Nf6 4. Bg2 d6 5. d3 Be6 6. Nf3 Be7 7. O-O O-O 8. a3 d5
9. cxd5 Nxd5 10. Bd2 a6 11. Qc2 Qd7 12. Rfd1 f5 13. Rac1 f4 14. Ne4 fxg3 15.
hxg3 Bh3 16. Bxh3 Qxh3 17. Qc4 Qe6 18. Neg5 Bxg5 19. Nxg5 1-0

[Event "Challenge"]
[Site "http://www.queenalice.com/game.php?id=1319358"]
[Date "2014.10.31"]
[Round "-"]
[White "quifaiquoi"]
[Black "talisman77"]
[Result "1-0"]
[WhiteElo "2263"]
[BlackElo "1888"]

1. c4 e5 2. Nc3 Nf6 3. g3 Bb4 4. Bg2 O-O 5. a3 Ba5 6. b4 c6 7. bxa5 Qxa5 8. Nf3
d6 9. O-O Be6 10. Qc2 Bxc4 11. d3 Ba6 12. Bb2 Nbd7 13. Nd2 d5 14. Nb3 Qc7 15.
Nxd5 Nxd5 16. Bxd5 cxd5 17. Qxc7 Rad8 18. Rac1 f6 19. Qa5 d4 20. Nc5 Nxc5 21.
Qxc5 1-0